Statistiques concernant Les 50 écrivains les plus influents de l'Histoire.

Cliquez ici pour prendre le quiz!

Statistiques générales

  • Ce quiz a été pris 92 fois
  • Le résultat moyen est 13 sur 50

Statistiques - réponses

PositionNationalitéRéponse% Correct
12FrançaiseVictor Hugo
95%
42FrançaiseÉmile Zola
65%
1GrecqueHomère
58%
11RusseLéon Tolstoï
57%
19FrançaiseMolière
57%
9FrançaiseVoltaire
54%
3BritanniqueWilliam Shakespeare
53%
6RusseFiodor Dostoïevski
51%
24FrançaiseJean-Paul Sartre
47%
18FrançaiseAlbert Camus
44%
4AllemandeJohann Wolfgang von Goethe
42%
22FrançaiseHonoré de Balzac
41%
41FrançaiseCharles Baudelaire
40%
32États-UnienneErnest Hemingway
38%
15EspagnoleMiguel de Cervantes
37%
30BritanniqueAgatha Christie
36%
14Austro-HongroiseFranz Kafka
36%
45FrançaiseGustave Flaubert
35%
43FrançaiseStendhal
31%
39BritanniqueCharles Dickens
30%
5États-UnienneEdgar Allan Poe
28%
10DanoiseHans Christian Andersen
28%
33FrançaiseAlexandre Dumas
27%
29FrançaiseDenis Diderot
25%
49FrançaiseSimone de Beauvoir
25%
16FrançaiseJules Verne
23%
27FrançaiseAntoine de Saint-Exupéry
20%
13GrecqueSophocle
19%
17RomaineVirgile
19%
7BritanniqueJ. R. R. Tolkien
17%
25RomaineOvide
16%
47BritanniqueJane Austen
15%
2ItalienneDante Alighieri
12%
36RusseAlexandre Pouchkine
11%
46GrecqueAristophane
9%
48GrecqueEschyle
9%
44GrecqueEuripide
9%
8BritanniqueLord Byron
7%
23GrecqueÉsope
6%
37AllemandeFriedrich von Schiller
6%
40SuisseHermann Hesse
6%
34AllemandeAnne Frank
5%
20RusseAnton Tchekhov
5%
31LatineHorace
5%
38États-UnienneH. P. Lovecraft
5%
21FlorentinePétrarque
5%
28FlorentineBoccace
4%
35SuédoiseSelma Lagerlöf
1%
26PersaneDjalâl ad-Dîn Rûmî
0%
50FrançaiseOctave Mirbeau
0%

Distribution des résultats

Percentile par nombre de réponses

% des personnes avec chaque résultat

Votre développement - résultats

Vous n’avez pas pris ce quiz